Information retrieval : The essential technology

Spremljeno u:
Bibliografski detalji
Glavni autor: Meetham, Roger
Format: Knjiga
Jezik:Undetermined
Izdano: London Aldus Books 1969
Teme:
Oznake: Dodaj oznaku
Bez oznaka, Budi prvi tko označuje ovaj zapis!
Thư viện lưu trữ: Trung tâm Học liệu Trường Đại học Cần Thơ
LEADER 00510nam a2200193Ia 4500
001 CTU_82686
008 210402s9999 xx 000 0 und d
082 |a 029.7 
082 |b M494 
100 |a Meetham, Roger 
245 0 |a Information retrieval : 
245 4 |b The essential technology 
245 0 |c Roger Meetham 
260 |a London 
260 |b Aldus Books 
260 |c 1969 
650 |a Information retrieval 
904 |i QHieu(sửa) 
980 |a Trung tâm Học liệu Trường Đại học Cần Thơ